000 00281nam a2200097Ia 4500
082 _a079.68|BULL
245 0 _aOut to lunch -- ungagged
100 _a Bullard, David, , 1952- Kenilworth, South Africa, 2011
_967484
942 _cBK
008 210817s9999 xx 000 0 und d
999 _c217643
_d217642